Fr. Conceicao Rodrigues College of Engineering

Income Tax Ready Reckoner1995-96 (Record no. 25668)

MARC details
000 -LEADER
fixed length control field 00332nam a2200145Ia 4500
100 ## - MAIN ENTRY--PERSONAL NAME
Personal name Mehta N. V.
245 ## - TITLE STATEMENT
Title Income Tax Ready Reckoner1995-96
260 ## - PUBLICATION, DISTRIBUTION, ETC.
Name of publisher, distributor, etc. Shri Kuber Pub. House
Place of publication, distribution, etc. Bombay
Date of publication, distribution, etc. 1995
300 ## - PHYSICAL DESCRIPTION
Extent 328
546 ## - LANGUAGE NOTE
Language note ENGLISH
650 ## - SUBJECT ADDED ENTRY--TOPICAL TERM
Topical term or geographic name entry element General
654 ## - SUBJECT ADDED ENTRY--FACETED TOPICAL TERMS
Focus term Income Tax Ready Reckoner
942 ## - ADDED ENTRY ELEMENTS (KOHA)
Koha item type BOOK
Holdings
Withdrawn status Lost status Damaged status Not for loan Collection Home library Current library Shelving location Date acquired Total Checkouts Full call number Barcode Date last seen Price effective from Koha item type
        AFT Fr. Agnel's C.Rodrigues College of Engineering Fr. Agnel's C.Rodrigues College of Engineering   17/03/2023   AFT6580 17/03/2023 17/03/2023 BOOK